• 首页
  • 本馆介绍
  • 公告通知
  • 最新文献
  • 馆藏检索
  • 电子资源
  • 读者导购
  • 参考咨询
  • 我的图书馆
  • 登录
  • 详细信息显示
  • 放入我的书架
  • 预约/预借图书
  • 作者相关作品
  • 分类相关作品
  • 丛书相关作品
  • 出版社相关作品

书目信息

  • 表格格式
  • 工作单格式
  • 卡片格式
题名:
中学教学与智力发展
    
 
作者:
分册:  
出版信息: 上海   上海教育出版社  1983
页数: 112页
开本: 19cm
丛书名:
单 册:
中图分类: G632.0 , G630
科图分类:
主题词: 中学-教学研究 , 教学研究-中学 , 中学-智力开发 , 智力开发-中学
电子资源:
ISBN:
000 00640nam0 2200253 450
001 1549464606
005 20150126145406.90
010    @dCNY0.32
091    @a7150.2859
100    @a19950614d1983 emky0chiy0110 ea
101 0  @achi
102    @aCN@b310000
105    @ay z 000yy
200 1  @a中学教学与智力发展@9zhong xue jiao xue yu zhi li fa zhan
210    @a上海@c上海教育出版社@d1983
215    @a112页@d19cm
606 0  @a中学-教学研究
606 0  @a教学研究-中学
606 0  @a中学-智力开发
606 0  @a智力开发-中学
690    @aG632.0@v5
690    @aG630@v4
801  0 @aCN@bTSSF@c20150126
905    @aZUCC@dG630@eJY2
    
    中学教学与智力发展.-上海:上海教育出版社,1983
    112页;19cm
    
    
    ISBN :CNY0.32
    
●
相关链接 在E读中查询图书 在五车中查询图书 在当当中查询图书 在豆瓣中查询图书


正题名:中学教学与智力发展     索取号:G630/JY2         预约/预借

序号 登录号 条形码 馆藏地/架位号 状态 备注
1 7838531   278385310   学院路分馆/ [索取号:G630/JY2] 在馆    
2 7839920   278399207   学院路分馆/ [索取号:G630/JY2] 在馆    
3 7839921   278399216   学院路分馆/ [索取号:G630/JY2] 在馆    
唐山师范学院图书馆 欢迎您!
大连网信软件有限公司© 版权所有